000 02593nam0a2200349 4500
001 RU\NLR\BIBL_A\022470323
005 20250429152822.0
010 _a978-5-88156-963-1
_9300
021 _aRU
_bКН-П-24-083324
_9КН-П-24-8305
035 _a(NLR Aleph) 022470323
090 _a13369125
_c13369125
100 _a20250225d2024 k y0rusy50 ca
101 0 _arus
102 _aRU
105 _aa z 100yy
181 0 _ai3
_baxxe
182 0 _an
200 1 _aИдеи молодых ученых - агропромышленному комплексу: тенденции развития агроинженерии
_eматериалы Международной научной конференции студентов, аспирантов и молодых ученых Института агроинженерии (Челябинск, 2024)
_fМинистерство сельского хозяйства Российской Федерации, Департамент научно-технологической политики и образования, Федеральное государственное бюджетное образовательное учреждение высшего образования "Южно-Уральский государственный аграрный университет"
_gпод редакцией д-ра техн. наук, профессора С. Д. Шепелёва
203 _aТекст
_bвизуальный
_cнепосредственный
210 _aЧелябинск
_cЮжно-Уральский ГАУ
_d2024
215 _a267 с.
_cил., табл.
_d20
320 _aБиблиогр. в конце ст.
606 1 _aСельское хозяйство
_jСъезды, совещания и т.п
_xМеханизация
_91228736
_3RU\NLR\AUTH\66182784
686 1 _aП071я431(0)
702 1 _4340
_aШепелев
_bС. Д.
_cд-р техн. наук
_gСергей Дмитриевич
_9142749
_3RU\NLR\AUTH\770142785
711 0 2 _aЮжно-Уральский государственный аграрный университет
_bИнститут агроинженерии
_cТроицк
_cЧелябинск
_9501320
_3RU\NLR\AUTH\880418125
712 0 2 _4475
_aЮжно-Уральский государственный аграрный университет
_cТроицк
_9583810
_3RU\NLR\AUTH\880460563
942 _cBOOK
980 _aNB